Präsidium des dt. Bundestags seit 2021 - Statistiken

Allgemein
  • Dieses Quiz wurde 49 mal gespielt
  • Das Durchschnittsergebnis liegt bei 4 aus 6
Antwortstatistiken
Partei Antwort % Korrekt
SPD Bärbel Bas
98%
FPD Wolfgang Kubicki
89%
Die Linke Petra Pau
77%
CDU/CSU Yvonne Magwas
45%
Die Grünen Katrin Göring-Eckardt
43%
SPD Aydan Özoğuz
32%
Keine übereinstimmenden Quizze gefunden
Verteilung der Resultate
Anzahl Personen mit jedem Resultat
Perzentil nach korrekt beantworteten Fragen
Ihre Resultats-Entwicklung
Sie haben dieses Quiz noch nicht gespielt